000 00705nam a2200181 i 4500
001 22056
003 ES-MaACL
005 20260303063011.0
007 t|
008 021129s1878 it ||||1| ita d
100 1 _aAlfieri, Vittorio,
_d1749-1803
_919840
245 1 0 _aTragedie /
_cdi Vittorio Alfieri.
260 _aMilano :
_bE. Sonsogno,
_c1878.
300 _a2 t. en 1 v. ;
_c18 cm.
505 8 _aContiene: V. I: Filippo. Polinice. Antigone. Virginia. Agamemmone. Oreste. Rosemunda. Ottavia. Timoleone. -- V. II: Merope. MarĂ­a Stuarda. La Congiura de Pazzi. Don Garzia. Saul. Agide. Sofonisba. Bruto Primo. Mirra. Bruto Secondo.
852 _aES-MaACL
_jG-10398
999 _c22056
_d22056